Parallel'nyje prostranstvenno - vremennyje vyčislitel'nyje struktury Monografija

Salvato in:
Dettagli Bibliografici
Natura: Libro
Lingua:russo
Pubblicazione: Moskva Vil'njus 1988
Edizione:1. izd.
Tags: Aggiungi Tag
Nessun Tag, puoi essere il primo ad aggiungerne!!

MARC

LEADER 00000nam a2200000 4500
001 c031164
005 20260130110417.8
041 0 |a rus 
044 |a RU 
245 1 0 |a Parallel'nyje prostranstvenno - vremennyje vyčislitel'nyje struktury  |b Monografija  |c Raimundas Jasinevičius 
250 |a 1. izd. 
264 1 |a Moskva  |b Vil'njus  |c 1988 
300 |a 181 s.